| 000 | 01151nam a2200337 i 4500 | ||
|---|---|---|---|
| 001 | bg | ||
| 003 | BPK | ||
| 005 | 20230208105411.0 | ||
| 008 | 970620s1995 pl a f f |001 0 pol | ||
| 015 | _aPB 1995/12314 | ||
| 020 | _a8301119063 | ||
| 020 | _a8301116226 | ||
| 040 |
_aWA N _cBPK |
||
| 041 | 1 |
_apol _heng |
|
| 080 | _a330 | ||
| 080 | _a(075.8) | ||
| 100 | 1 |
_aSamuelson, Paul Anthony _d(1915-2009) _eAutor |
|
| 245 | 1 | 0 |
_aEkonomia. _n[T. 2] / _cPaul A. Samuelson, William D. Nordhaus ; przekł. [z ang.] Jacek Kochanowicz [et al.]. |
| 246 | 1 |
_iTyt. oryg.: _aEconomics, _f1985. |
|
| 260 |
_aWarszawa : _bWydaw. Naukowe PWN, _c1995. |
||
| 300 |
_a547, [1] s. : _bwykr. ; _c24 cm. |
||
| 500 | _aNa s. red. błędne ISBN. | ||
| 504 | _aIndeksy. | ||
| 655 | 4 | _aPodręczniki akademickie | |
| 650 | 4 | _aEkonomia | |
| 710 | 2 |
_aWydawnictwo Naukowe PWN _4pbl. |
|
| 700 | 1 |
_aNordhaus, William D. _d(1941- ) _eAutor |
|
| 700 | 1 |
_aKochanowicz, Jacek _d(1946-2014) _eTłumaczenie |
|
| 856 |
_uhttp://koha.tu.koszalin.pl/cgi-bin/koha/opac-detail.pl?biblionumber=24732 _yKatalog online BPK |
||
| 942 |
_2UKD _cKS |
||
| 999 |
_c24732 _d24732 |
||